000 00558cam a2200193 4500500
005 20260329005600.0
041 _afre
042 _adc
100 1 0 _aPerragin, Charles
_eauthor
245 0 0 _aLe Ciel ouvert
260 _c2024.
500 _a22
690 _aAmour
690 _aInstagram
690 _aNicolas Mathieu
690 _aRéseaux sociaux
786 0 _nPhilosophie magazine | 177 | 3 | 2024-03-01 | p. 59-60 | 1951-1787
856 4 1 _uhttps://shs.cairn.info/magazine-philosophie-magazine-2024-3-page-59?lang=fr&redirect-ssocas=7080
999 _c1844721
_d1844721